[Event "Prague Futures 6th"]
[Site "Prague"]
[Date "2024.03.01"]
[Round "4"]
[White "Andre, Tomas"]
[Black "Jakubse, Tamae Severina"]
[Result "1-0"]
[WhiteElo "1915"]
[BlackElo "1738"]
[PlyCount "55"]
[EventDate "2024.02.27"]
[EventType "tourn"]
[EventRounds "9"]
[EventCountry "CZE"]
[SourceTitle "CB11_2024"]
[SourceDate "2024.03.13"]
[SourceVersion "1"]
[SourceVersionDate "2024.03.13"]
[SourceQuality "1"]

1. e4 e5 2. Nf3 Nc6 3. d4 exd4 4. Bc4 Nf6 5. e5 d5 6. Bb5 Ne4 7. Nxd4 Bd7 8. Bxc6 bxc6 9. 0-0 Bc5 10. Be3 Bb6 11. f3 Ng5 12. f4 Ne4 13. Nc3 Nxc3 14. bxc3 0-0 15. Re1 Re8 16. Bf2 Qe7 17. a4 a5 18. Qf3 c5 19. Ne2 c6 20. Ng3 f6 21. e6 Bc8 22. Rab1 Qa7 23. Qg4 Rb8 24. Nh5 Qe7 25. f5 Ba6 26. Kh1 Bc7 27. Rxb8 Rxb8 28. Bxc5 1-0

[Event "EU Union-ch U12"]
[Site "Kouty nad Desnou"]
[Date "2023.08.17"]
[Round "2"]
[White "Vancakova, Veronika"]
[Black "Jakubse, Tamae Severina"]
[Result "0-1"]
[WhiteElo "1576"]
[BlackElo "1301"]
[PlyCount "70"]
[EventDate "2023.08.16"]
[EventType "swiss"]
[EventRounds "9"]
[EventCountry "CZE"]
[SourceTitle "EXT 2024"]
[Source "ChessBase"]
[SourceDate "2023.10.10"]
[SourceVersion "1"]
[SourceVersionDate "2023.10.10"]
[SourceQuality "1"]

1. d4 Nf6 2. c4 g6 3. Nc3 d5 4. cxd5 Nxd5 5. e4 Nxc3 6. bxc3 Bg7 7. Bc4 c5 8. Ne2 Nc6 9. Be3 Bg4 10. f3 cxd4 11. cxd4 Bc8 12. 0-0 0-0 13. Rc1 Bd7 14. Qd2 Qa5 15. Qb2 Qb4 16. Qxb4 Nxb4 17. Bg5 Rfe8 18. Rb1 a5 19. a3 b5 20. axb4 bxc4 21. bxa5 Rxa5 22. Rb7 Rxg5 23. Rxd7 Ra5 24. Rc1 Ra4 25. e5 Bh6 26. f4 g5 27. g3 Ra2 28. Nc3 Rb2 29. Nd5 gxf4 30. gxf4 Kh8 31. Nxe7 Bxf4 32. Rd1 c3 33. Nd5 c2 34. Rf1 Rg8+ 35. Kh1 c1Q 0-1

[Event "CZE-ch U12 Girls"]
[Site "Teplice"]
[Date "2023.03.17"]
[Round "8"]
[White "Jakubse, Tamae Severina"]
[Black "Markina, Sofiia"]
[Result "0-1"]
[WhiteElo "1293"]
[BlackElo "1468"]
[PlyCount "90"]
[EventDate "2023.03.11"]
[EventType "swiss"]
[EventRounds "9"]
[EventCountry "CZE"]
[SourceTitle "CBM 213 Extra"]
[Source "ChessBase"]
[SourceDate "2023.05.31"]
[SourceVersion "1"]
[SourceVersionDate "2023.05.31"]
[SourceQuality "1"]

1. e4 c5 2. d4 cxd4 3. c3 dxc3 4. Nxc3 Nc6 5. Bc4 e6 6. Nf3 Bb4 7. 0-0 Nge7 8. Bf4 Bxc3 9. bxc3 d5 10. exd5 exd5 11. Bb3 0-0 12. Re1 h6 13. Qd2 Be6 14. h3 Qd7 15. Kh2 Rad8 16. Rad1 Nf5 17. Ba4 a6 18. Qb2 b5 19. Bc2 Qa7 20. Rd2 Rd7 21. Qb1 Nd6 22. Rde2 Nc4 23. Qc1 d4 24. cxd4 Nxd4 25. Nxd4 Qxd4 26. Rd1 Qf6 27. Rde1 Bf5 28. Bg3 Bxc2 29. Qxc2 Qd8 30. a4 Rd2 31. Qc3 Rxe2 32. Rxe2 Qd1 33. Ra2 Rc8 34. Qb4 Qd5 35. Rc2 Nb6 36. Rxc8+ Nxc8 37. Qe1 Qd7 38. axb5 axb5 39. Qb4 Nb6 40. Qa5 Nd5 41. Qa8+ Kh7 42. Qa3 b4 43. Qd3+ g6 44. Be5 Nb6 45. Qe2 Qe6 0-1

[Event "CZE-chT U12"]
[Site "Jihlava"]
[Date "2022.06.12"]
[Round "8.6"]
[White "Jakubse, Tamae Severina"]
[Black "Trejbal, Jindrich"]
[Result "0-1"]
[WhiteElo "1240"]
[BlackElo "1104"]
[PlyCount "95"]
[EventDate "2022.06.10"]
[EventType "team-swiss"]
[EventRounds "9"]
[EventCountry "CZE"]
[SourceTitle "CBM 209 Extra"]
[Source "ChessBase"]
[SourceDate "2022.09.30"]
[SourceVersion "1"]
[SourceVersionDate "2022.09.30"]
[SourceQuality "1"]
[WhiteTeam "Praha Bohemians U12"]
[BlackTeam "Sachy Stepan U12"]
[WhiteTeamCountry "CZE"]
[BlackTeamCountry "CZE"]

1. e4 e5 2. Nf3 Nc6 3. d4 exd4 4. Bc4 Bc5 5. c3 Nf6 6. cxd4 Bb4+ 7. Nbd2 Nxe4 8. Qe2 Qe7 9. 0-0 Nxd2 10. Qxe7+ Nxe7 11. Nxd2 Bxd2 12. Bxd2 d5 13. Bb3 0-0 14. Bb4 Re8 15. Rfe1 Be6 16. Rac1 c6 17. a4 Nf5 18. Rcd1 Bd7 19. Bc3 Rxe1+ 20. Rxe1 Re8 21. Rxe8+ Bxe8 22. g4 Nh6 23. f3 f5 24. g5 Nf7 25. f4 Nd6 26. Kf1 Ne4 27. Bb4 Kf7 28. Ke2 Ke6 29. Ke3 Nd6 30. Kd3 Kd7 31. Bd1 g6 32. Be1 Nc4 33. Kc3 Kd6 34. b3 Nb6 35. Kb4 Nd7 36. Ka5 c5 37. dxc5+ Nxc5 38. b4 Na6 39. b5 Nc5 40. b6 axb6+ 41. Kxb6 Bxa4 42. Bxa4 Nxa4+ 43. Kxb7 d4 44. Bd2 h5 45. Be1 Kd5 46. Bh4 Ke4 47. Bg3 Kf3 48. Be1 0-1